Every Artist To Feature On An A$AP Rocky Album - Statistics

General Stats
  • This quiz has been taken 8 times
  • The average score is 24 of 63
Answer Stats
Album Track Artist % Correct
LONG.LIVE.A$AP F**kin' Problems Drake
100%
LONG.LIVE.A$AP F**kin' Problems Kendrick Lamar
100%
AT.LONG.LAST.A$AP Jukebox Joints Kanye West
75%
AT.LONG.LAST.A$AP M'$ Lil Wayne
75%
DON'T BE DUMB Fish N Steak (What It Is) Tyler, The Creator
75%
DON'T BE DUMB Robbery Doechii
63%
TESTING Purity Frank Ocean
63%
AT.LONG.LAST.A$AP Holy Ghost Joe Fox
63%
AT.LONG.LAST.A$AP Everyday Miguel
63%
LONG.LIVE.A$AP Wild for the Night Skrillex
63%
LONG.LIVE.A$AP F**kin' Problems 2 Chainz
50%
LONG.LIVE.A$AP Ghetto Symphony A$AP Ferg
50%
LONG.LIVE.A$AP 1Train Big K.R.I.T.
50%
AT.LONG.LAST.A$AP Canal St. Bones
50%
DON'T BE DUMB Stay Here 4 Life Brent Faiyaz
50%
LONG.LIVE.A$AP 1Train Danny Brown
50%
TESTING Fukk Sleep FKA twigs
50%
DON'T BE DUMB Whiskey (Release Me) Gorillaz
50%
LONG.LIVE.A$AP 1Train Joey Bada$$
50%
AT.LONG.LAST.A$AP Wavybone Juicy J
50%
TESTING A$AP Forever (Remix) Kid Cudi
50%
TESTING CALLDROPS Kodak Black
50%
TESTING A$AP Forever (Remix) Moby
50%
AT.LONG.LAST.A$AP Everyday Rod Stewart
50%
LONG.LIVE.A$AP Hell Santigold
50%
LIVE.LOVE.A$AP Brand New Guy ScHoolboy Q
50%
TESTING Praise The Lord (Da Shine) Skepta
50%
LIVE.LOVE.A$AP Keep It G SpaceGhostPurrp
50%
DON'T BE DUMB Whiskey (Release Me) Westside Gunn
50%
LONG.LIVE.A$AP 1Train Yelawolf
50%
LIVE.LOVE.A$AP Trilla A$AP Twelvyy
38%
LONG.LIVE.A$AP 1Train Action Bronson
38%
DON'T BE DUMB Stop Snitching BossMan Dlow
38%
LIVE.LOVE.A$AP Get It Fat Tony
38%
AT.LONG.LAST.A$AP Fine Whine Future
38%
AT.LONG.LAST.A$AP Fine Whine M.I.A.
38%
DON'T BE DUMB The End will.i.am
38%
LIVE.LOVE.A$AP Trilla A$AP Nast
25%
TESTING Brotha Man French Montana
25%
LONG.LIVE.A$AP Ghetto Symphony Gunplay
25%
DON'T BE DUMB The End Jessica Pratt
25%
DON'T BE DUMB Fish N Steak (What It Is) Jozzy
25%
AT.LONG.LAST.A$AP Everyday Mark Ronson
25%
AT.LONG.LAST.A$AP Back Home Mos Def
25%
LONG.LIVE.A$AP Pain OverDoz.
25%
TESTING Buck Shots Playboi Carti
25%
DON'T BE DUMB Stop Snitching Sauce Walka
25%
TESTING A$AP Forever (Remix) T.I.
25%
LONG.LIVE.A$AP Wild for the Night Birdy Nam Nam
13%
TESTING HUN43RD Dev Hynes
13%
LONG.LIVE.A$AP I Come Apart Florence Welch
13%
AT.LONG.LAST.A$AP West Side Highway James Fauntleroy
13%
TESTING Purity Lauryn Hill
13%
LONG.LIVE.A$AP Purple Swag (Remix) Paul Wall
13%
DON'T BE DUMB STFU Slay Squad
13%
TESTING Buck Shots Smooky MarGielaa
13%
AT.LONG.LAST.A$AP Wavybone UGK
13%
AT.LONG.LAST.A$AP Back Home A$AP Yams
0%
AT.LONG.LAST.A$AP Back Home Acyde
0%
LONG.LIVE.A$AP Purple Swag (Remix) Bun B
0%
LIVE.LOVE.A$AP Keep It G Chace Infinite
0%
LONG.LIVE.A$AP Purple Swag (Remix) Killa Kyleon
0%
LIVE.LOVE.A$AP Leaf Main Attrakionz
0%
No matching quizzes found
Score Distribution
Percent of People with Each Score
Percentile by Number Answered
Your Score History
You have not taken this quiz